| 000 | 00530nam a22001817a 4500 | ||
|---|---|---|---|
| 005 | 20140917103605.0 | ||
| 010 | _aENG-110881 | ||
| 020 |
_a9789351431800 _c180.00 |
||
| 035 | _aEN-94413 | ||
| 037 | _bDBAD/PUB | ||
| 082 | _a364 | ||
| 100 | _aShukla, Girjesh | ||
| 245 |
_aCriminology / _cby Girjesh Shukla |
||
| 260 |
_aGurgaon _bLexis Nexis _c2014 |
||
| 270 |
_a14th Floor, Building No.10, Tower-B, DLF Cyber City, Phase-II _bGurgaon _e122002 |
||
| 300 |
_axii,198p. _c22cm(pbk) |
||
| 942 |
_2ddc _cEN _mSHU _h364 |
||
| 999 |
_c88713 _d88713 |
||